STN EN ISO 14021: 2017 (83 9021), Environmentálne značky a vyhlásenia. Vlastné vyhlásenie tvrdení o environmentálnych vlastnostiach. (Environmentálne označovanie typu II) (ISO 14021: 2016)

Táto norma je slovenskou verziou európskej normy EN ISO 14021: 2016. Preklad zabezpečil Úrad pre normalizáciu, metrológiu a skúšobníctvo Slovenskej republiky. Táto norma má rovnaké postavenie, ako majú oficiálne verzie

Bibliographic Details
Corporate Author: Slovenská agentúra životného prostredia (Banská Bystrica, Slovensko) (Translator)
Other Authors: Gajarská, Anita (Translator), Baďurová, Darina (Translator)
Format: Book
Language:Slovak
English
PhysicalDescription:44 s. obr. 30 cm
Published: Bratislava Úrad pre normalizáciu, metrológiu a skúšobníctvo Slovenskej republiky 2017
Subjects:

MARC

LEADER 00000cam a2200000 a 4500
001 vtls011623584
003 SK-MaSNL
005 20260301095423.0
008 170412s2017 xo a frnu 000 0 slo
015 |a SNBN2017 
040 |a SNK  |b slo  |c SNK  |e AACR2 
041 1 |a slo  |a eng  |h eng 
044 |a xo  |c SK 
046 |a m  |m 20170401 (účin.) 
072 7 |a 502  |x Životné prostredie a jeho ochrana  |2 konspekt 
072 7 |a 366  |x Ochrana spotrebiteľa. Správanie spotrebiteľa  |2 konspekt 
080 |a 502.13  |2 2011 
080 |a 006.7/.8  |2 2001 
080 |a (437.6)  |2 2001 
080 |a (4)  |2 2001 
080 |a (083.742)  |2 2001 
080 |a 366.64:502.173  |2 2001 
080 |a 366.64  |2 2001 
080 |a 502:338.23  |2 2011 
084 |a 13.020.50  |2 ICS 
130 0 |a STN 83 9021 (STN EN ISO 14021)  |9 430749 
245 1 0 |a STN EN ISO 14021: 2017 (83 9021), Environmentálne značky a vyhlásenia. Vlastné vyhlásenie tvrdení o environmentálnych vlastnostiach. (Environmentálne označovanie typu II) (ISO 14021: 2016) 
246 1 0 |a Environmentálne značky a vyhlásenia 
246 1 0 |a Vlastné vyhlásenie tvrdení o environmentálnych vlastnostiach 
246 1 0 |a Environmentálne označovanie typu II 
246 3 0 |a EN ISO 14021: 2016 SK 
246 3 0 |a ISO 14021: 2016 
260 |a Bratislava  |b Úrad pre normalizáciu, metrológiu a skúšobníctvo Slovenskej republiky  |c 2017 
300 |a 44 s.  |b obr.  |c 30 cm 
500 |a Súbežný názov v angličtine, francúzštine, nemčine 
500 |a Spracovateľ: Slovenská agentúra životného prostredia Banská Bystrica, Anita Gajarská, Darina Baďurová 
500 |a Táto norma nahrádza anglickú verziu STN EN ISO 14021 z októbra 2016, ktorá od 1.10.2016 nahradila STN EN ISO 14021 z januára 2001 v celom rozsahu 
504 |a Normatívne referenčné dokumenty, súvisiace právne predpisy s. 2 ; literatúra s. 40 
520 8 |a Táto norma je slovenskou verziou európskej normy EN ISO 14021: 2016. Preklad zabezpečil Úrad pre normalizáciu, metrológiu a skúšobníctvo Slovenskej republiky. Táto norma má rovnaké postavenie, ako majú oficiálne verzie 
540 |a STN vydané na akomkoľvek nosiči sa môžu rozmnožovať a rozširovať iba so súhlasom určenej právnickej osoby  |b SÚTN Bratislava  |c zákon 264/1999 Z. z. 
650 0 7 |a environmentálny manažment  |2 SNKPH  |9 3638 
650 0 7 |a technické normy a štandardy  |z Slovensko  |2 SNKPH  |9 79594 
650 0 7 |a technické normy a štandardy  |z krajiny Európskej únie  |2 SNKPH  |9 289341 
650 0 7 |a Environmental management  |2 SNKPHeng  |9 306245 
650 0 7 |a ekolabeling  |2 SNKPH  |9 73044 
650 0 7 |a Eco-labeling  |2 SNKPHeng  |9 370791 
650 0 7 |a označovanie výrobkov  |2 SNKPH  |9 4122 
650 0 7 |a Labelling  |2 SNKPHeng  |9 321760 
650 0 7 |a environmentálna politika  |2 SNKPH  |9 4245 
650 0 7 |a Environmental policy  |2 SNKPHeng  |9 309834 
655 7 |a normy  |2 SNKPH  |9 70643 
700 1 |a Gajarská, Anita  |4 trl  |9 430750 
700 1 |a Baďurová, Darina  |4 trl  |9 430751 
710 1 |a Slovensko.  |b Úrad pre normalizáciu, metrológiu a skúšobníctvo  |4 stn  |9 158117 
710 2 |a Slovenský ústav technickej normalizácie (Bratislava, Slovensko).  |b Technická komisia č. 72 Enviromentálne manažérstvo  |4 stn  |9 303173 
710 2 |a Slovenská agentúra životného prostredia (Banská Bystrica, Slovensko)  |4 trl  |9 33321 
774 1 8 |t STN EN ISO 14021/O1: 2022  |d Bratislava : Úrad pre normalizáciu, metrológiu a skúšobníctvo Slovenskej republiky, 2022  |w vtls012153282 
774 1 8 |t STN EN ISO 14021/A1: 2022  |d Bratislava : Úrad pre normalizáciu, metrológiu a skúšobníctvo Slovenskej republiky, 2022  |w vtls012153319 
852 |a Štátna vedecká knižnica v Banskej Bystrici 
958 |a OP 
958 |a NB 
999 |c 683059  |d 684989 
952 |a SNK  |b SNK  |y PREZ  |7 0  |p 17A1257518  |o snkSTN EN ISO 14021  |i snk2017/9673  |8 0  |0 0  |1 0  |4 0  |d 2017-04-25  |l 0  |r 2026-02-23 20:03:07  |w 2026-02-23 
952 |a SNK  |b SNK  |y PREZ  |7 0  |p 17A1257519  |o snkSTN EN ISO 14021 D1  |i snk2017/9674  |8 0  |0 0  |1 0  |4 0  |d 2017-04-25  |l 0  |r 2026-02-23 20:03:07  |w 2026-02-23